[Event "Titled Tue 24th Jun Late"]
[Site "chess.com INT"]
[Date "2025.06.24"]
[Round "3"]
[White "Li, Yilin"]
[Black "Beulen, Marcel"]
[Result "0-1"]
[WhiteTitle "WFM"]
[BlackTitle "FM"]
[WhiteElo "1922"]
[BlackElo "2359"]
[WhiteFideId "8610410"]
[BlackFideId "1001450"]
[EventDate "2025.06.24"]

1. e4 d5 2. exd5 Qxd5 3. Nc3 Qa5 4. d4 Nf6 5. Bc4 Bg4 6. f3 Bd7 7. Bd2 Qb6 8.
Nge2 e6 9. Be3 Nc6 10. Qd2 Nb4 11. d5 Qxe3 12. Qxe3 Nxc2+ 13. Kf2 Nxe3 14. Kxe3
Bc5+ 15. Kd2 exd5 16. Nxd5 Nxd5 17. Bxd5 O-O-O 18. Kc3 Rhe8 19. Ng3 Re3+ 20. Kc2
Bb5 21. Rad1 Bd6 22. Bxf7 Bxg3 23. hxg3 Re2+ 24. Kc1 h6 25. Bg6 c5 26. Rxd8+
Kxd8 27. Rd1+ Kc7 28. Rd2 Rxd2 29. Kxd2 Bf1 30. Ke3 Bxg2 31. Kf2 Bh3 32. g4 c4
33. b3 b5 34. bxc4 bxc4 35. Bf7 c3 36. Bb3 Kd6 37. Bc2 Kc5 38. Ke2 Kd4 39. Kf2
a5 40. a4 g5 41. Ke2 Bg2 42. Kf2 Bh1 43. Be4 Kc4 0-1

[Event "Titled Tue 24th Jun Late"]
[Site "chess.com INT"]
[Date "2025.06.24"]
[Round "3"]
[White "Lazavik, Denis"]
[Black "Reshetnikov, Alexey"]
[Result "1-0"]
[WhiteTitle "GM"]
[BlackTitle "IM"]
[WhiteElo "2580"]
[BlackElo "2492"]
[WhiteFideId "13515110"]
[BlackFideId "4162080"]
[EventDate "2025.06.24"]

1. e4 e6 2. d4 d5 3. exd5 exd5 4. Nf3 Nc6 5. Nc3 Bb4 6. Bd3 Nge7 7. O-O Bf5 8.
Re1 O-O 9. a3 Bxc3 10. bxc3 Bxd3 11. cxd3 Re8 12. Bf4 Qd7 13. Qd2 f6 14. h3 Ng6
15. Bg3 Kf7 16. a4 Rxe1+ 17. Rxe1 Re8 18. Rb1 b6 19. Qa2 Kf8 20. Rb5 Nge7 21.
Rb1 g5 22. Bh2 h6 23. c4 Rd8 24. Rc1 dxc4 25. dxc4 Nxd4 26. Nxd4 Qxd4 27. Bxc7
Rc8 28. Bh2 Kg7 29. Kh1 Nc6 30. Qe2 Rd8 31. Qf3 Qd2 32. Rg1 Qd7 33. Re1 Re8 34.
Rd1 Qc8 35. Bg3 Re6 36. Kh2 Na5 37. Qd5 Qc6 38. Qd8 Qe8 39. Rd7+ Kg6 40. Qc7 Qf8
41. Qxa7 Nxc4 42. Qc7 Ne5 43. Qc2+ f5 44. Bxe5 Rxe5 45. Qc6+ Kh5 46. Rd6 g4 47.
Rf6 Qc5 48. Rxh6+ Kg5 49. h4+ Kf4 50. g3# 1-0

[Event "Titled Tue 24th Jun Late"]
[Site "chess.com INT"]
[Date "2025.06.24"]
[Round "3"]
[White "Demchenko, Yaroslav"]
[Black "Duarte Cramer, Lily Jeanette"]
[Result "0-1"]
[WhiteTitle "CM"]
[BlackTitle "WCM"]
[WhiteElo "2263"]
[BlackElo "1828"]
[WhiteFideId "14186667"]
[BlackFideId "29620180"]
[EventDate "2025.06.24"]

1. Nf3 d5 2. d4 Nf6 3. Bf4 c5 4. e3 Nc6 5. c3 Qb6 6. Qc2 Bf5 7. dxc5 Bxc2 8.
cxb6 axb6 9. Na3 Bf5 10. Nb5 Kd7 11. Be2 e6 12. O-O Nh5 13. Ne5+ Nxe5 14. Bxe5
Nf6 15. Rfd1 Ne4 16. f3 Nd6 17. Nxd6 Bxd6 18. Bxg7 Rhg8 19. Bd4 Bh3 20. g3 h5
21. Bf1 Bxf1 22. Kxf1 h4 23. g4 Bxh2 24. Kg2 Bc7 25. Kh3 f5 26. e4 fxg4+ 27.
fxg4 Raf8 28. Rf1 dxe4 29. Rxf8 Rxf8 30. Kxh4 Bf4 31. Re1 e3 32. g5 e2 33. Rxe2
e5 34. Bxe5 Re8 35. Bxf4 Rxe2 36. g6 Ke6 37. b4 Rxa2 38. Be3 Kf6 39. Bxb6 Kxg6
40. Kg4 Kf6 41. Kf4 Re2 42. Kf3 Re6 43. Kf4 Rxb6 0-1

[Event "Titled Tue 24th Jun Late"]
[Site "chess.com INT"]
[Date "2025.06.24"]
[Round "3"]
[White "Kjaergaard-Jensen, Jesper"]
[Black "Cornelisse, Lorelei"]
[Result "0-1"]
[WhiteTitle "CM"]
[BlackTitle "WFM"]
[WhiteElo "2081"]
[BlackElo "2138"]
[WhiteFideId "1406990"]
[BlackFideId "1087177"]
[EventDate "2025.06.24"]

1. d4 f5 2. Nf3 Nf6 3. Bg5 e6 4. Nbd2 Be7 5. Bxf6 Bxf6 6. e4 fxe4 7. Nxe4 O-O 8.
Bd3 b6 9. h4 Bb7 10. Nfg5 h6 11. Qg4 Bxd4 12. O-O-O Nc6 13. Nxe6 dxe6 14. Qxe6+
Kh8 15. Ng5 Qe8 16. Bc4 Bxf2 17. Rd7 Be3+ 18. Kb1 Ne5 19. Re7 Nxc4 20. Rxe8 Nd2+
21. Ka1 Raxe8 22. Nf7+ Kg8 23. Nxh6+ Kh7 24. Qd7 Bxh6 25. Qxc7 Bxg2 26. Rg1 Nf3
27. Rb1 Nd2 28. Rd1 Bf3 29. Rg1 Rc8 30. Qxa7 Ra8 31. Qd7 Rxa2+ 32. Kxa2 Ra8+ 0-1

[Event "Titled Tue 24th Jun Late"]
[Site "chess.com INT"]
[Date "2025.06.24"]
[Round "3"]
[White "Lowinger, Daniel"]
[Black "Playa, Marcelo"]
[Result "1-0"]
[BlackTitle "IM"]
[WhiteElo "2086"]
[BlackElo "2376"]
[WhiteFideId "2005557"]
[BlackFideId "102202"]
[EventDate "2025.06.24"]

1. e4 e6 2. d4 d5 3. Nc3 Bb4 4. e5 c5 5. a3 Bxc3+ 6. bxc3 Ne7 7. Nf3 Qa5 8. Bd2
Nbc6 9. a4 Bd7 10. h4 c4 11. g3 O-O-O 12. Ng5 Rdf8 13. h5 h6 14. Nh3 Kb8 15. Nf4
Ka8 16. Bg2 f6 17. exf6 gxf6 18. Bh3 Nd8 19. Qe2 Re8 20. O-O Nec6 21. Qf3 Nf7
22. Nxd5 Ng5 23. Bxg5 fxg5 24. Nb4 Rhf8 25. Qe4 Nxb4 26. cxb4 Qxb4 27. Bg2 Bc6
28. Qxc6 bxc6 29. Bxc6+ Kb8 30. Rfb1 Qxb1+ 31. Rxb1+ Kc7 32. Bxe8 Rxe8 33. Rb4
Kd6 34. Rxc4 Kd5 35. Rc7 a6 36. c3 Rb8 37. Rh7 Rb3 38. Rxh6 Rxc3 39. Rg6 Rc4 40.
Rxg5+ Kxd4 41. Rg4+ 1-0

[Event "Titled Tue 24th Jun Late"]
[Site "chess.com INT"]
[Date "2025.06.24"]
[Round "3"]
[White "Romany, Joy"]
[Black "Akbarinia, Sayed Arash"]
[Result "0-1"]
[WhiteTitle "WIM"]
[BlackTitle "FM"]
[WhiteElo "1960"]
[BlackElo "2372"]
[WhiteFideId "10656820"]
[BlackFideId "12501468"]
[EventDate "2025.06.24"]

1. d4 d5 2. c4 e6 3. Nf3 Be7 4. g3 Nf6 5. Bg2 O-O 6. O-O dxc4 7. Qc2 a6 8. a4
Bd7 9. Qxc4 Bc6 10. Bg5 Nbd7 11. Nc3 h6 12. Bxf6 Nxf6 13. Rfe1 Ne4 14. Qd3 Nxc3
15. bxc3 b5 16. a5 Rc8 17. e4 Bb7 18. Red1 c5 19. Rac1 Qxa5 20. d5 exd5 21. exd5
Bd6 22. Nh4 c4 23. Qf3 Rcd8 24. Nf5 Bc8 25. Nxd6 Rxd6 26. Qf4 Rfd8 27. Re1 Qc7
28. Re3 R6d7 29. Qh4 Qd6 30. Rce1 Bb7 31. Re8+ Rxe8 32. Rxe8+ Kh7 33. Be4+ g6
34. Qg4 Bxd5 35. Bxd5 Qxd5 36. h4 Qd1+ 37. Qxd1 Rxd1+ 38. Kg2 Rd3 39. Ra8 Rxc3
40. Rxa6 b4 41. Rb6 b3 42. Rb7 Kg7 43. Rb4 Rc2 44. Rb8 b2 0-1

[Event "Titled Tue 24th Jun Late"]
[Site "chess.com INT"]
[Date "2025.06.24"]
[Round "3"]
[White "Klepek, Witold"]
[Black "Jimenez Fernandez, Rebeca"]
[Result "1-0"]
[WhiteTitle "CM"]
[BlackTitle "WFM"]
[WhiteElo "2253"]
[BlackElo "2154"]
[WhiteFideId "1175068"]
[BlackFideId "32070934"]
[EventDate "2025.06.24"]

1. c4 Nf6 2. Nf3 c5 3. g3 Nc6 4. Bg2 e6 5. O-O Be7 6. d4 cxd4 7. Nxd4 O-O 8. Nc3
a6 9. b3 Qc7 10. Bb2 d6 11. Rc1 Bd7 12. Nd5 Qd8 13. Nxe7+ Qxe7 14. Qd2 Nxd4 15.
Qxd4 Bc6 16. Rfd1 Rfd8 17. Ba3 Ne8 18. e4 e5 19. Qe3 Nc7 20. Bh3 Ne6 21. Bxe6
Qxe6 22. Rc3 Rd7 23. Rcd3 Rad8 24. f3 f5 25. exf5 Qxf5 26. Bxd6 Qxf3 27. Qxf3
Bxf3 28. Rxf3 Rxd6 29. Rxd6 Rxd6 30. Re3 Rd2 31. Rxe5 Rxa2 32. Re7 b5 33. c5 Rc2
34. b4 a5 35. bxa5 Rxc5 36. a6 Rc8 37. Rb7 Ra8 38. a7 b4 39. Rb8+ 1-0

[Event "Titled Tue 24th Jun Late"]
[Site "chess.com INT"]
[Date "2025.06.24"]
[Round "3"]
[White "Kobalia, Mikhail"]
[Black "Maghsoodloo, Parham"]
[Result "0-1"]
[WhiteTitle "GM"]
[BlackTitle "GM"]
[WhiteElo "2538"]
[BlackElo "2691"]
[WhiteFideId "4119150"]
[BlackFideId "12539929"]
[EventDate "2025.06.24"]

1. c4 e5 2. e3 Nf6 3. Nc3 d5 4. cxd5 Nxd5 5. Nf3 Nxc3 6. bxc3 Bd6 7. d4 Nc6 8.
Bb5 e4 9. Nd2 Qg5 10. Bf1 f5 11. g3 O-O 12. a4 Na5 13. Nb3 Nxb3 14. Qxb3+ Kh8
15. Ba3 Qe7 16. Bxd6 Qxd6 17. Qb4 Qd8 18. Be2 a5 19. Qb3 Rf6 20. h4 Rh6 21. Qb5
Qe7 22. Qb3 g5 23. Kd2 Rb6 24. Qc2 f4 25. hxg5 f3 26. Bb5 Bf5 27. c4 c5 28. dxc5
Rd8+ 29. Ke1 Qxc5 30. Qc3+ Kg8 31. Rh6 Bg6 32. Kf1 Rd3 33. Qb2 Rbd6 34. Kg1 Rd2
35. Qc3 Qxg5 36. Rh4 R6d3 37. Qxa5 Rxf2 38. Qa8+ Rd8 39. Qxd8+ Qxd8 40. Kxf2
Qd2+ 0-1

[Event "Titled Tue 24th Jun Late"]
[Site "chess.com INT"]
[Date "2025.06.24"]
[Round "3"]
[White "Drygalov, Sergey"]
[Black "Chiu, Isaac"]
[Result "1-0"]
[WhiteTitle "GM"]
[WhiteElo "2560"]
[BlackElo "2226"]
[WhiteFideId "24171743"]
[BlackFideId "30900654"]
[EventDate "2025.06.24"]

1. d4 Nf6 2. c4 e6 3. Nf3 d5 4. Nc3 Bb4 5. Qa4+ Nc6 6. e3 O-O 7. Qc2 Na5 8. cxd5
exd5 9. a3 Bxc3+ 10. Qxc3 b6 11. Bd3 Re8 12. O-O Qd6 13. Ne5 c5 14. b4 Nb7 15.
Bb2 c4 16. Bc2 Qc7 17. f3 Nd6 18. a4 a6 19. Rae1 Bb7 20. Kh1 Nd7 21. Bb1 f6 22.
Ng4 Re7 23. Qc2 Nf8 24. Bc3 Rae8 25. Qd2 Bc8 26. Nf2 Bf5 27. Bxf5 Nxf5 28. e4
Nd6 29. e5 Nf5 30. Ng4 fxe5 31. dxe5 d4 32. Qg5 Kh8 33. Qxf5 dxc3 34. f4 b5 35.
axb5 axb5 36. Qc2 Ne6 37. f5 Nd4 38. Qxc3 Nc6 39. f6 Rf7 40. e6 Rff8 41. e7 Rf7
42. fxg7+ 1-0

[Event "Titled Tue 24th Jun Late"]
[Site "chess.com INT"]
[Date "2025.06.24"]
[Round "3"]
[White "Brown, Akeem"]
[Black "Yglesias Herrera, Michel"]
[Result "0-1"]
[WhiteTitle "CM"]
[BlackTitle "CM"]
[WhiteElo "2055"]
[BlackElo "2054"]
[WhiteFideId "7402023"]
[BlackFideId "3510840"]
[EventDate "2025.06.24"]

1. e4 c5 2. Nf3 e6 3. d4 cxd4 4. Nxd4 Nf6 5. Bd3 Nc6 6. Nxc6 bxc6 7. O-O d5 8.
e5 Nd7 9. Re1 Be7 10. Nd2 Bb7 11. Qg4 g6 12. Nf3 c5 13. c4 h5 14. Qf4 d4 15. Bd2
Rb8 16. b3 h4 17. h3 Rh5 18. Qg4 Bxf3 19. Qxf3 Nxe5 20. Rxe5 Rxe5 21. Bf4 Qd6
22. Bxe5 Qxe5 23. Qc6+ Kf8 24. Kf1 Rb6 25. Qa8+ Kg7 26. Re1 Qb8 27. Qf3 a5 28.
Bc2 Qb7 29. Qf4 Qb8 30. Qg4 Bf6 31. g3 hxg3 32. fxg3 Rb4 33. Rxe6 fxe6 34. Qxg6+
Kf8 35. Qxf6+ Ke8 36. Qxe6+ Kd8 37. Bf5 Rb7 38. Qd5+ Ke7 39. Qxc5+ Qd6 40. Qxa5
d3 41. Qe1+ Kf6 42. Be4 Rf7 0-1

[Event "Titled Tue 24th Jun Late"]
[Site "chess.com INT"]
[Date "2025.06.24"]
[Round "3"]
[White "Khenkin, Igor"]
[Black "Bhatia, Kanishka"]
[Result "1-0"]
[WhiteTitle "GM"]
[BlackTitle "WCM"]
[WhiteElo "2499"]
[BlackElo "1965"]
[WhiteFideId "4659600"]
[BlackFideId "2410095"]
[EventDate "2025.06.24"]

1. e4 c5 2. Nc3 Nc6 3. Bb5 g6 4. Bxc6 dxc6 5. f4 Bg7 6. d3 Nf6 7. Nf3 O-O 8. O-O
Bg4 9. Qe1 b5 10. Ne5 Bd7 11. Be3 Qb6 12. b4 Qc7 13. Bxc5 a5 14. a3 Be6 15. Qe3
Ng4 16. Nxg4 Bxc3 17. Nh6+ Kg7 18. Bd4+ Bxd4 19. Qxd4+ f6 20. f5 Kxh6 21. fxe6
Rad8 22. Qc5 Qd6 23. a4 axb4 24. Qxd6 Rxd6 25. axb5 cxb5 26. Rfb1 Rc8 27. Ra2
Rxe6 28. Rxb4 Rec6 29. Rbb2 b4 30. Kf2 Rc3 31. Ke2 Rb8 32. Kd2 Kg5 33. Ra7 e5
34. Rxh7 Rc6 35. h4+ Kf4 36. h5 gxh5 37. Rxh5 Kg3 38. Rh7 Kxg2 39. Ke3 Kg3 40.
Rg7+ Kh4 41. Rb1 Rxc2 42. Rh1+ 1-0

[Event "Titled Tue 24th Jun Late"]
[Site "chess.com INT"]
[Date "2025.06.24"]
[Round "3"]
[White "Goncharov, Vladimir"]
[Black "Sitnic, Adnan"]
[Result "1-0"]
[BlackTitle "CM"]
[WhiteElo "2077"]
[BlackElo "2058"]
[WhiteFideId "34162256"]
[BlackFideId "14403854"]
[EventDate "2025.06.24"]

1. d4 Nf6 2. c4 e6 3. Nf3 b6 4. g3 Ba6 5. Qc2 c5 6. Bg2 Bb7 7. dxc5 bxc5 8. O-O
Nc6 9. Rd1 Be7 10. b3 O-O 11. Bb2 Nb4 12. Qc1 Be4 13. Nc3 Bb7 14. Rd2 Qc8 15.
Qe1 d5 16. cxd5 exd5 17. a3 d4 18. axb4 dxc3 19. Bxc3 cxb4 20. Bd4 Rd8 21. Rxa7
Rxa7 22. Bxa7 Rxd2 23. Qxd2 Qa8 24. Bd4 h6 25. Ne1 Bxg2 26. Nxg2 Qd5 27. Qb2 Nd7
28. Ne3 Qh5 29. f3 Bf6 30. Kg2 Qb5 31. Kf2 Qa6 32. Bxf6 Nxf6 33. Qd4 Qa3 34. Qc4
Nd7 35. Qc8+ Nf8 36. Nd5 Qa7+ 37. Kg2 f6 38. Nxb4 Qe3 39. Qc4+ Kh7 40. Qd3+ Qxd3
41. Nxd3 Ne6 42. Kf2 Nd4 43. b4 Kg6 44. Ke3 Nc2+ 45. Ke4 f5+ 46. Ke5 Kg5 47. b5
Na3 48. Nf4 Nxb5 49. h4# 1-0

[Event "Titled Tue 24th Jun Late"]
[Site "chess.com INT"]
[Date "2025.06.24"]
[Round "3"]
[White "Rustemov, Alexander"]
[Black "Rozman, Levy"]
[Result "1-0"]
[WhiteTitle "GM"]
[BlackTitle "IM"]
[WhiteElo "2525"]
[BlackElo "2324"]
[WhiteFideId "4119002"]
[BlackFideId "2039877"]
[EventDate "2025.06.24"]

1. d4 Nf6 2. c4 g6 3. Nf3 Bg7 4. g3 O-O 5. Bg2 d6 6. Nc3 Nc6 7. O-O e5 8. d5 Nb8
9. e4 a5 10. b3 Na6 11. Rb1 Nc5 12. Re1 Bd7 13. a3 h6 14. b4 axb4 15. axb4 Na4
16. Nxa4 Bxa4 17. Qd3 b5 18. c5 Nd7 19. Be3 Kh7 20. c6 Nf6 21. h3 Ng8 22. Nd2 h5
23. h4 Bh6 24. Bh3 Bxe3 25. Qxe3 Nh6 26. Nf3 f6 27. Ra1 Qb8 28. Ra2 Qa7 29. Qxa7
Rxa7 30. Rea1 Rg8 31. Bf1 Rb8 32. Nd2 f5 33. f3 Ra6 34. Be2 Rab6 35. Kf2 Kg7 36.
Ke3 Rf8 37. Nb1 f4+ 38. Kf2 g5 39. hxg5 Nf7 40. gxf4 exf4 41. Nc3 Nxg5 42. Rh1
Rh8 43. Rh4 Kg6 44. Ra1 Rbb8 45. Rg1 Rbf8 46. Bd3 Bb3 47. Ne2 Bc4 48. Bxc4 bxc4
49. Nxf4+ Kf6 50. Rxh5 Nxe4+ 51. fxe4 Rxh5 52. Nxh5+ Ke5+ 53. Ke3 1-0

[Event "Titled Tue 24th Jun Late"]
[Site "chess.com INT"]
[Date "2025.06.24"]
[Round "3"]
[White "Amburgy, Ryan"]
[Black "Bortnyk, Olexandr"]
[Result "0-1"]
[WhiteTitle "FM"]
[BlackTitle "GM"]
[WhiteElo "2332"]
[BlackElo "2601"]
[WhiteFideId "30924820"]
[BlackFideId "14120828"]
[EventDate "2025.06.24"]

1. Nf3 Nf6 2. c4 b6 3. g3 Bb7 4. Bg2 g6 5. d4 Bg7 6. Nc3 O-O 7. d5 Na6 8. O-O
Nc5 9. Qc2 a5 10. e4 Ne8 11. Be3 e5 12. Nd2 Nd6 13. a3 f5 14. b4 Ncxe4 15. Ndxe4
fxe4 16. Nxe4 Nf5 17. Bg5 Qe8 18. Qd3 d6 19. Bh3 Nd4 20. Be3 Nf3+ 21. Kg2 Bc8
22. Bxc8 Qxc8 23. b5 Qf5 24. Rad1 Rf7 25. h3 Raf8 26. Nc3 e4 27. Nxe4 Re8 28.
Nc3 Nh4+ 29. Kh2 Qf3 30. Rg1 Bxc3 31. Qxc3 Qxf2+ 32. Bxf2 Rxf2+ 33. Kh1 Ree2 34.
Rg2 Nxg2 35. Kg1 Ne3 36. Qxe3 Rxe3 37. Kxf2 Rxa3 38. Re1 Kf7 39. Re4 a4 40. h4
Ra1 41. Re3 Rc1 42. Re4 a3 43. Rf4+ Kg7 44. Re4 a2 45. Re7+ Kg8 46. Re8+ Kf7 47.
Ra8 a1=Q 0-1

[Event "Titled Tue 24th Jun Late"]
[Site "chess.com INT"]
[Date "2025.06.24"]
[Round "3"]
[White "Jacobsen, Mikkel Manosri"]
[Black "Vasquez Schroeder, Rodrigo"]
[Result "0-1"]
[WhiteTitle "FM"]
[BlackTitle "GM"]
[WhiteElo "2223"]
[BlackElo "2446"]
[WhiteFideId "1444514"]
[BlackFideId "3400042"]
[EventDate "2025.06.24"]

1. d4 Nf6 2. Nf3 e6 3. Bf4 b6 4. e3 Bb7 5. Nbd2 Bd6 6. c3 Bxf4 7. exf4 O-O 8. g3
d6 9. Bg2 Nbd7 10. O-O Re8 11. Re1 h6 12. a4 a5 13. Qc2 Bc6 14. Re2 Qc8 15. c4
Nb8 16. Rae1 Na6 17. b3 Nb4 18. Qb1 Qb7 19. Nh4 Bxg2 20. Nxg2 c5 21. Ne4 Nxe4
22. Rxe4 d5 23. cxd5 Nxd5 24. Qb2 Rec8 25. dxc5 Rxc5 26. Re5 g6 27. h4 h5 28. f5
gxf5 29. Qe2 Nf6 30. Nf4 Rxe5 31. Qxe5 Ng4 32. Qe2 Rd8 33. Nxh5 Qc6 34. Nf4 Qc3
35. Rd1 Rd4 36. Nxe6 Rxd1+ 37. Qxd1 fxe6 38. Qd8+ Kf7 39. Qd7+ Kf6 40. Qd8+ Ke5
41. Qh8+ Nf6 42. h5 Qe1+ 43. Kg2 Qe4+ 44. Kg1 f4 45. h6 fxg3 46. fxg3 Qg6 47.
Kg2 Kf5 48. Kf2 Qxh6 0-1

[Event "Titled Tue 24th Jun Late"]
[Site "chess.com INT"]
[Date "2025.06.24"]
[Round "3"]
[White "Melillo, Lucius"]
[Black "Gasparyan, Erik R."]
[Result "0-1"]
[WhiteTitle "FM"]
[BlackTitle "IM"]
[WhiteElo "2170"]
[BlackElo "2372"]
[WhiteFideId "30958245"]
[BlackFideId "13315730"]
[EventDate "2025.06.24"]

1. d4 e6 2. e4 b6 3. Nf3 Bb7 4. Bd3 Nf6 5. e5 Ne4 6. Nbd2 d5 7. exd6 Nxd2 8.
Bxd2 Bxd6 9. Qe2 Nd7 10. O-O-O Qf6 11. Be4 O-O-O 12. Kb1 h6 13. Rhe1 Rhe8 14.
Bxb7+ Kxb7 15. Qe4+ Kb8 16. Bc3 Qf4 17. Qxf4 Bxf4 18. d5 exd5 19. Rxd5 Rxe1+ 20.
Bxe1 Bd6 21. Bc3 g6 22. Rd1 Nc5 23. Re1 Kc8 24. g3 f5 25. Nd2 Na4 26. Bf6 Rf8
27. Bg7 Rg8 28. Bd4 Bc5 29. Bxc5 Nxc5 30. f3 Rd8 31. Kc1 Rd6 32. Nb3 Ne6 33. Rd1
Kd7 34. Rxd6+ Kxd6 35. Kd2 Ke5 36. Ke2 Nd4+ 37. Nxd4 Kxd4 38. c3+ Kc4 39. Ke3 g5
40. h4 f4+ 41. Kf2 fxg3+ 42. Kxg3 gxh4+ 43. Kxh4 Kd3 44. Kh5 Ke3 45. Kxh6 Kxf3
46. Kg5 Ke3 47. Kf5 Kd3 48. Ke5 Kc2 0-1

[Event "Titled Tue 24th Jun Late"]
[Site "chess.com INT"]
[Date "2025.06.24"]
[Round "3"]
[White "Kramnik, Vladimir"]
[Black "Makridis, Dimitrios"]
[Result "1-0"]
[WhiteTitle "GM"]
[BlackTitle "FM"]
[WhiteElo "2753"]
[BlackElo "2283"]
[WhiteFideId "4101588"]
[BlackFideId "25864475"]
[EventDate "2025.06.24"]

1. Nf3 Nf6 2. g3 g6 3. Bg2 Bg7 4. c4 O-O 5. Nc3 d6 6. O-O Nc6 7. Rb1 e5 8. d3
Bd7 9. b4 Qc8 10. b5 Ne7 11. a4 Bh3 12. Ba3 b6 13. Rc1 Re8 14. e4 Nh5 15. Nd5
Bxg2 16. Kxg2 Qd7 17. Nd2 f5 18. exf5 Nxd5 19. cxd5 Qxf5 20. Rxc7 Nf6 21. Nc4
Bf8 22. Ne3 Qg5 23. h4 Qh5 24. Qxh5 gxh5 25. Rc6 Rad8 26. Bb4 Bh6 27. Nf5 Bf8
28. Bxd6 Nxd5 29. Re1 Nb4 30. Bxb4 Bxb4 31. Re3 Bc5 32. Rf3 e4 33. Nh6+ Kh8 34.
dxe4 Rd2 35. Rc7 Rxe4 36. Rff7 Rxf2+ 37. Rxf2 Bxf2 38. Kxf2 Rxa4 39. Nf5 Kg8 40.
Kf3 Ra3+ 41. Kf4 Rb3 42. Nd6 Rb4+ 43. Ke5 Rg4 44. Rxa7 h6 45. Nf5 Kh8 46. Ra6
Rg6 47. Ra8+ Kh7 48. Ra7+ Kh8 49. Rc7 Rg4 50. Rc6 Rb4 51. Rxh6+ Kg8 52. Rxb6 Kh7
53. Rb7+ Kg6 54. Rg7# 1-0

[Event "Titled Tue 24th Jun Late"]
[Site "chess.com INT"]
[Date "2025.06.24"]
[Round "3"]
[White "Craciun, Sasha-Matei"]
[Black "Kobo, Ori"]
[Result "1-0"]
[WhiteTitle "FM"]
[BlackTitle "GM"]
[WhiteElo "2320"]
[BlackElo "2493"]
[WhiteFideId "1281186"]
[BlackFideId "2812320"]
[EventDate "2025.06.24"]

1. e4 c5 2. Nf3 d6 3. Bb5+ Bd7 4. Bxd7+ Nxd7 5. O-O e6 6. c3 Ngf6 7. Re1 Be7 8.
d4 O-O 9. Nbd2 cxd4 10. cxd4 Rc8 11. Qb3 Qc7 12. Nf1 Qc2 13. Bd2 Qxb3 14. axb3
a6 15. Bc3 Rc6 16. Rad1 d5 17. Ng3 dxe4 18. Nxe4 Nxe4 19. Rxe4 Nf6 20. Ree1 Nd5
21. Ne5 Rc7 22. Rc1 Rfc8 23. Bd2 Rc2 24. Bc3 Rxc1 25. Rxc1 Bg5 26. Rc2 b5 27.
Nf3 Bh6 28. Re2 Nxc3 29. Rc2 b4 30. bxc3 Rxc3 31. Rxc3 bxc3 32. Ne1 Kf8 33. Kf1
Ke7 34. Ke2 Kd6 35. Kd3 Bd2 36. Nc2 a5 37. Na3 Kd5 38. Nb5 Be1 39. f3 f5 40.
Nxc3+ Kc6 41. Kc4 Bf2 42. Na4 Bg1 43. h3 g5 44. Nc5 Kd6 45. Nb7+ Kc7 46. Nxa5
Kb6 47. b4 h5 48. Nb3 Bf2 49. Nc5 g4 50. Nxe6 gxf3 51. gxf3 Kc6 52. Ng7 h4 53.
Nxf5 Kd7 54. Kd5 Be1 55. b5 Ba5 56. Nxh4 1-0

[Event "Titled Tue 24th Jun Late"]
[Site "chess.com INT"]
[Date "2025.06.24"]
[Round "3"]
[White "Mujumdar, Sameer"]
[Black "Matinian, Nikita"]
[Result "1-0"]
[BlackTitle "GM"]
[WhiteElo "2043"]
[BlackElo "2421"]
[WhiteFideId "2029707"]
[BlackFideId "24129100"]
[EventDate "2025.06.24"]

1. d4 Nf6 2. c4 g6 3. Nc3 Bg7 4. e4 d6 5. Nf3 O-O 6. Be2 e5 7. Be3 Nc6 8. d5 Ne7
9. Nd2 c5 10. g4 a6 11. a4 Ne8 12. h4 f5 13. f3 fxg4 14. fxg4 Rf4 15. Bxf4 exf4
16. g5 Qb6 17. Qc2 Bd7 18. Rg1 Nc7 19. Bg4 Bxg4 20. Rxg4 Rf8 21. Nf3 Qb4 22. a5
Qxc4 23. Ra4 Bxc3+ 24. bxc3 Qb5 25. c4 Qd7 26. Rg1 Ne8 27. Ra3 Ng7 28. Rb3 Nh5
29. Qb2 Ng3 30. Rxb7 Qg4 31. Rxe7 Rf7 32. Re8+ Rf8 33. Rxf8+ Kxf8 34. Qb8+ Ke7
35. Qc7+ Ke8 36. Qb8+ Ke7 37. Qb3 Qh3 38. Qd3 Kd8 39. e5 dxe5 40. d6 e4 41. Qb3
exf3 42. Qb8+ Qc8 43. Qxc8+ Kxc8 44. Kf2 Ne4+ 45. Kxf3 Nxd6 46. Kxf4 Nxc4 47.
Rc1 Nd6 48. Rxc5+ Kd7 49. Ke5 Nb7 50. Rd5+ Kc6 51. Rd1 Nxa5 52. Kf6 Nc4 53. Kg7
Ne3 54. Rh1 Nf5+ 55. Kxh7 Ne7 56. Kg7 Kd6 57. Kf7 Nf5 58. Kxg6 1-0

[Event "Titled Tue 24th Jun Late"]
[Site "chess.com INT"]
[Date "2025.06.24"]
[Round "3"]
[White "Arakelyan, Manvel"]
[Black "Plat, Vojtech"]
[Result "1/2-1/2"]
[WhiteTitle "FM"]
[BlackTitle "GM"]
[WhiteElo "2326"]
[BlackElo "2497"]
[WhiteFideId "13317415"]
[BlackFideId "325740"]
[EventDate "2025.06.24"]

1. e4 d6 2. d4 Nf6 3. Nc3 e5 4. Nf3 exd4 5. Nxd4 Be7 6. Bc4 O-O 7. O-O a5 8. a4
Na6 9. Re1 Nc5 10. h3 Re8 11. Qf3 c6 12. Bg5 Ne6 13. Nxe6 Bxe6 14. Bxe6 fxe6 15.
e5 Nd5 16. Bxe7 Qxe7 17. exd6 Qxd6 18. Ne4 Qe5 19. Nc5 Qxb2 20. Rab1 Qxc2 21.
Rxb7 Qg6 22. Nd7 Re7 23. Ne5 Qf6 24. Rxe7 Nxe7 25. Qe4 Rc8 26. Nd7 Qf7 27. Nc5
Nd5 28. Qxe6 Qxe6 29. Rxe6 Nb6 30. Re7 Rd8 31. Rc7 Rd4 32. Rxc6 Nxa4 33. Rc8+
Kf7 34. Nb3 Rd5 35. Ra8 Rb5 36. Nxa5 Nb6 37. Ra7+ Kg6 38. Nc6 Kf6 39. Rb7 Rb2
40. Nd4 Nc4 41. Rxb2 Nxb2 42. g4 Nd3 43. Kg2 Ke5 44. Ne2 Ke4 45. Kg3 g5 46. Nc3+
Kd4 47. Ne2+ Ke5 48. Ng1 h6 49. Nf3+ Ke4 50. h4 gxh4+ 51. Nxh4 Nxf2 52. Kxf2 Kf4
53. Nf5 Kxg4 54. Nxh6+ 1/2-1/2

[Event "Titled Tue 24th Jun Late"]
[Site "chess.com INT"]
[Date "2025.06.24"]
[Round "3"]
[White "Golis, Wiktor"]
[Black "Van der Werf, Mark"]
[Result "1-0"]
[WhiteTitle "FM"]
[BlackTitle "IM"]
[WhiteElo "2307"]
[BlackElo "2390"]
[WhiteFideId "21055874"]
[BlackFideId "1000470"]
[EventDate "2025.06.24"]

1. Nf3 Nf6 2. c4 e6 3. e3 d5 4. Nc3 dxc4 5. Bxc4 a6 6. d4 b5 7. Bb3 Bb7 8. O-O
Nbd7 9. Qe2 c5 10. e4 cxd4 11. Nxd4 Qb8 12. Nxe6 fxe6 13. Bxe6 Nc5 14. e5 Nxe6
15. exf6 Kf7 16. Re1 Nd4 17. Qg4 gxf6 18. Qxd4 Bd6 19. Ne4 Be5 20. Qd7+ Kg6 21.
Ng3 Qc8 22. Qd3+ Kf7 23. Bh6 Qg4 24. h3 Qd4 25. Qxd4 Bxd4 26. Rad1 Rhd8 27. b3
Be5 28. f4 Bc3 29. Rf1 Bd4+ 30. Kh2 Rac8 31. f5 Rc2 32. Rg1 Bxg1+ 33. Rxg1 Rd3
34. Nf1 Rxa2 35. Bf4 Rxb3 36. h4 Rbb2 37. Ne3 Re2 38. Kg3 Rxe3+ 39. Bxe3 b4 40.
Kf4 1-0